000 00467nam a2200181Ia 4500
001 19724
005 20260306172714.0
008 260306t2006||||xx |||||||||||||| ||spa||
041 _aESP
082 _a341
_bM27
100 _aMassini Correas, Carlos I.
_eAUT
245 0 _aLa prudencia jurídica:
_bintroducción a gnoseología del derecho
260 _c2006
300 _a235 páginas :
_c23 cm.
650 _aGEN
654 _aCDE
942 _cLIB
_dJUS
_fJUS
_2ddc
_n
999 _c19724
_d19724